Eesti jõed ja järved - Statistics

General Stats
  • This quiz has been taken 19 times
  • The average score is 12 of 23
Answer Stats
Veekogu Asukoht % Correct
Pärnu jõgi Pärnu maakond
94%
Suur-Emajõgi Tartu maakond
94%
Peipsi järv Ida-Viru | Jõgeva | Tartu | Põlva maakond
81%
Narva jõgi Ida-Viru maakond
81%
Narva veehoidla Ida-Viru maakond
81%
Ülemiste järv Harju maakond
75%
Pirita jõgi Harju maakond
69%
Võrtsjärv Viljandi | Tartu | Valga maakond
69%
Pihkva järv Põlva | Võru maakond
56%
Väike Emajõgi Valga maakond
56%
Kunda jõgi Lääne-Viru maakond
50%
Keila jõgi Rapla maakond
50%
Mullutu suurlaht Saare maakond
50%
Piusa jõgi Võru maakond
50%
Rõuge Suurjärv Võru maakond
50%
Ahja jõgi Põlva maakond
38%
Jägala jõgi Lääne-Viru maakond
31%
Põltsamaa jõgi Lääne-Viru maakond
31%
Võhandu jõgi Põlva maakond
31%
Vigala jõgi Rapla maakond
31%
Navesti jõgi Järva maakond
25%
Valgejõgi Lääne-Viru maakond
25%
Kasari jõgi Rapla maakond
25%
No matching quizzes found
Score Distribution
Percent of People with Each Score
Percentile by Number Answered
Your Score History
You have not taken this quiz